000 00573nam a2200205 i 4500
001 bg
100 1 _aHINGUE, Anne-Marie
245 1 0 _aLa France aux cent visage :
_bcahier d'activitès /
_cAnne-Marie Hingue.
260 _aParis :
_bHatier :
_bDidier,
_ccop.1996.
300 _a63 s. ;
_c28 cm +
_eCorrieges : 16 s.
650 9 _aJęzyk francuski
655 _aPodręczniki akademickie
020 _a2278045714
040 _cBPK
041 0 _afr
080 _a811.133.1(075.8)
920 _a2-278-04571-4
942 _cKS
008 s pl f |000 0 pol
999 _c36264
_d36264